| 000 | 00577cam a22001934a 4500 | ||
|---|---|---|---|
| 005 | 20250605163607.0 | ||
| 008 | 250528s ||||||||||||||||||||||||d | ||
| 035 | _a22380 | ||
| 020 | _a9789603518327 | ||
| 040 |
_aGR-AtMCL _bgre _dGR-AtMCL _eAACR2 |
||
| 245 | 1 | _aΕΙΣΑΓΩΓΗ ΣΤΙΣ ΔΟΜΕΣ ΔΕΔΟΜΕΝΩΝ ΚΑΙ ΣΤΟΥΣ ΑΛΓΟΡΙΘΜΟΥΣ / ΥΛΟΠΟΙΗΣΗ ΣΕ C | |
| 250 | _a1 | ||
| 260 |
_bΑ.Σταμουλης, _c2010 |
||
| 300 | _a448 | ||
| 700 | 1 | _aΠαπουτσης Ιωαννης | |
| 942 | _cBK | ||
| 999 |
_c7433 _d7433 |
||